000
00324nam a2200109Ia 4500
008
200302s9999 xx 000 0 und d
100
_a
Enis Aldallal and Others
245
_a
Site and composition design strategies in architecture and urbanism
260
_b
Routledge Taylor and Francis Group
260
_c
2016
300
_a
182
999
_c
7072
_d
7072